Peux tu passer la L1 Histoire - Préhistoire #1 - Statistiques

Statistiques générales
  • Ce quiz a été pris 55 fois
  • Le résultat moyen est 6 sur 25
Statistiques - réponses
Hint Réponse % Correct
..., dans quel genre ? Homo
91%
Enfin, quel est son nom scientifique ? Homo Sapiens
77%
Cite un des singes qui partagent la même famille que nous Gorille / Orang Outan / Chimpanzé
73%
Comment se nomme l'australopithèque le plus connu ? Lucy
64%
..., dans quel règne se trouve l'homme moderne ? Animal
61%
..., dans quel ordre ? Mammifère
55%
..., dans quelle famille ? Hominidé
45%
Quelle espèce humaine réalise la première sortie d'Afrique ? Homo Erectus
39%
De quelle espèce héritons nous 2% de notre ADN (moyenne en Eurasie) ? Néandertal
32%
..., dans quelle sous-famille ? Hominine
23%
En quelle année fut il découvert ? 2001
14%
Quand, au millionnaire près, ce cher Toumaï s'est il levé sur ses deux pattes arrières ? 7 millions d'années (avant le présent)
14%
Quel taille fait Homo Floriensis ? Entre 1 mètre et 1 mètre 10
14%
Quel est le volume moyen estimé du cerveau des australopithèques en cm cube ? 500
9%
A quelle espèce correspond cette individu ? australopithecus afarensis
5%
..., dans quelle superfamille ? Hominoïde
5%
Que signifie Homo Ergaster ? Homme artisan
5%
Quel est le nom complet de l'espèce du fossile holotype de "Toumaï". Sahelanthropus Tchadensis
5%
Sur quel site ont ils découvert ce fossile ? Olduvai
2%
De quand date t'on le site de Sima de los Huesos ? (si il est effectivement associé à Néandertal, il remonte de 130 000 ans la présence de celui ci en Europe) 430 000 ans (avant le présent)
0%
Comment est nommé le fossile à partir duquel Raymont Dart "invente" le genre australopithèque ? Enfant de Taung
0%
Quel est le nom du plus ancien site connu à ce jour d'industrie lithique, attribué soit à Kenyantropus platyops soit à l'espèce de Lucy ? Lomekwi III
0%
Comment se nomment les 2 chercheurs qui ont découvert Homo habilis ? Mary et Louis Leakey
0%
Comment appelle t'on le bourrelet osseux au dessus des yeux présent chez plusieurs espèces humaines ? Torus sus-orbital
0%
Quelle caractéristique physique distingue le paranthrope ? une crête sagittale
0%
Aucun quiz correspondant
Distribution des résultats
% des personnes avec chaque résultat
Percentile par nombre de réponses
Votre historique - résultats
Vous n’avez pas pris ce quiz